000 00459cam a2200193ua 4500
001 3333
005 20260515113650.0
008 111017n ii |||gr||||Z||||||asm
040 _cMAIN
082 _a891.4513
100 1 _aBora, Krishna,
_eAuthor.
245 1 1 _aAparajeya
_cby Krishna Bora
250 _a1st.
260 _aGuahati:
_bNatun sahitya parishad,993.
300 _a201p:
_c23cm.
653 _aAssamese novel
653 _aAparajeya
942 _cBK
999 _c3176
_d3176